[Event "World Amateur-ch U2300"]
[Site "Muscat"]
[Date "2023.11.07"]
[Round "6"]
[White "Al Jabri, Rashid"]
[Black "Barrientos, Ernesto"]
[Result "0-1"]
[WhiteElo "1723"]
[BlackElo "2014"]
[PlyCount "76"]
[EventDate "2023.11.02"]
[EventType "swiss"]
[EventRounds "9"]
[EventCountry "OMN"]
[SourceTitle "CB46_2023"]
[SourceDate "2023.11.15"]
[SourceVersion "1"]
[SourceVersionDate "2023.11.15"]
[SourceQuality "1"]

1. e4 c5 2. Nf3 d6 3. d4 cxd4 4. Nxd4 Nf6 5. Nc3 a6 6. Bg5 e6 7. f4 Be7 8. Qf3 Qc7 9. 0-0-0 Nbd7 10. g4 h6 11. Bxf6 Bxf6 12. h4 Nb6 13. g5 Bxd4 14. Rxd4 Qc5 15. Rd1 Bd7 16. Qd3 hxg5 17. fxg5 Rxh4 18. Rxh4 Qxg5+ 19. Kb1 Qxh4 20. Qxd6 Qd8 21. Be2 Bc6 22. Qc5 Nd7 23. Qh5 Qe7 24. Rf1 g6 25. Qh8+ Qf8 26. Qd4 0-0-0 27. Qa7 Kc7 28. a4 f5 29. exf5 exf5 30. Bxa6 Nc5 31. Bxb7 Nxb7 32. Qg1 Qf6 33. a5 Nxa5 34. Qg3+ Kc8 35. Rg1 Rd6 36. Ne2 Nc4 37. Nc3 Be4 38. Qf4 Rb6 0-1

[Event "Asuncion zt 2.5"]
[Site "Asuncion"]
[Date "2023.03.10"]
[Round "8"]
[White "Barrientos, Ernesto"]
[Black "Centurion, Emilio"]
[Result "0-1"]
[WhiteElo "1989"]
[BlackElo "1885"]
[PlyCount "90"]
[EventDate "2023.03.05"]
[EventType "swiss"]
[EventRounds "9"]
[EventCountry "PAR"]
[SourceTitle "CBM 213 Extra"]
[Source "ChessBase"]
[SourceDate "2023.05.31"]
[SourceVersion "1"]
[SourceVersionDate "2023.05.31"]
[SourceQuality "1"]

1. e4 c5 2. Nf3 d6 3. d4 cxd4 4. Nxd4 Nf6 5. Nc3 a6 6. h3 e5 7. Nde2 Be6 8. g4 d5 9. exd5 Nxd5 10. Bg2 Nxc3 11. Qxd8+ Kxd8 12. Nxc3 Kc7 13. Nd5+ Bxd5 14. Bxd5 Bc5 15. 0-0 f6 16. Kg2 Nc6 17. c3 Rad8 18. Be4 g5 19. b4 Ba7 20. a4 h5 21. b5 Na5 22. gxh5 Rxh5 23. bxa6 bxa6 24. Ba3 Rh4 25. Bf3 Rd2 26. Rad1 Nc4 27. Rxd2 Nxd2 28. Rd1 Nxf3 29. Kxf3 Rxh3+ 30. Ke4 Bxf2 31. Rf1 Rh4+ 32. Kd5 Rf4 33. Rb1 Ba7 34. Bd6+ Kc8 35. Rh1 Rh4 36. Rf1 Rh6 37. Be7 g4 38. Bxf6 g3 39. Bxe5 g2 40. Rf8+ Kd7 41. Rf7+ Ke8 42. Rxa7 g1Q 43. Ra8+ Kd7 44. Rb8 Qg2+ 45. Kc5 Rh5 0-1

[Event "Asuncion zt 2.5"]
[Site "Asuncion"]
[Date "2023.03.08"]
[Round "5"]
[White "Pereira, Fabian1111"]
[Black "Barrientos, Ernesto"]
[Result "1-0"]
[WhiteElo "2046"]
[BlackElo "1989"]
[PlyCount "79"]
[EventDate "2023.03.05"]
[EventType "swiss"]
[EventRounds "9"]
[EventCountry "PAR"]
[SourceTitle "CBM 213 Extra"]
[Source "ChessBase"]
[SourceDate "2023.05.31"]
[SourceVersion "1"]
[SourceVersionDate "2023.05.31"]
[SourceQuality "1"]

1. e4 c5 2. Nf3 d6 3. Bb5+ Nd7 4. 0-0 a6 5. Bxd7+ Bxd7 6. Re1 e5 7. c3 c4 8. d3 cxd3 9. Qxd3 Qc7 10. b3 b5 11. Bb2 Nf6 12. Na3 Be7 13. c4 Qb7 14. Nd2 0-0 15. Nf1 Nh5 16. g3 Bc6 17. Nc2 bxc4 18. bxc4 f5 19. exf5 Qxb2 20. Reb1 e4 21. Qe2 Qe5 22. Qxh5 Rxf5 23. Qd1 Raf8 24. Rb6 Ba8 25. Rxa6 Bb7 26. Rb6 Ba8 27. Ra6 Qf6 28. Nfe3 Rf3 29. Rxa8 Bd8 30. Qe1 Qg6 31. Rb1 h5 32. Rbb8 Qf6 33. Nd5 Qg5 34. h4 Qe5 35. Rxd8 Rxd8 36. Rxd8+ Kh7 37. Nce3 g5 38. Rd7+ Kg6 39. Ng2 Qe6 40. Re7 1-0

[Event "Asuncion zt 2.5"]
[Site "Asuncion"]
[Date "2023.03.06"]
[Round "3"]
[White "Frutos Moreno, Erico Nicolas"]
[Black "Barrientos, Ernesto"]
[Result "0-1"]
[WhiteElo "1114"]
[BlackElo "1989"]
[PlyCount "62"]
[EventDate "2023.03.05"]
[EventType "swiss"]
[EventRounds "9"]
[EventCountry "PAR"]
[SourceTitle "CBM 213 Extra"]
[Source "ChessBase"]
[SourceDate "2023.05.31"]
[SourceVersion "1"]
[SourceVersionDate "2023.05.31"]
[SourceQuality "1"]

1. e4 c5 2. Nf3 d6 3. d3 Nc6 4. g3 g6 5. Bg2 Bg7 6. Nbd2 e5 7. c3 Nge7 8. 0-0 0-0 9. Re1 h6 10. h3 Be6 11. a3 a5 12. b3 b5 13. c4 Rb8 14. a4 bxa4 15. bxa4 f5 16. Ra3 Nb4 17. Rb3 Qd7 18. Ra3 Rb6 19. h4 f4 20. Rf1 Bg4 21. Kh2 Nec6 22. Nb3 Rb7 23. Bb2 Qe6 24. Ba1 Rbf7 25. Nbd2 g5 26. Bb2 Ne7 27. Ba1 fxg3+ 28. fxg3 gxh4 29. gxh4 Ng6 30. Qc1 Nf4 31. Ne1 Be2 0-1

[Event "Florianopolis op 9th"]
[Site "Florianopolis"]
[Date "2023.01.27"]
[Round "7"]
[White "Barrientos, Ernesto"]
[Black "Caetano, Hugo Zanotti Mendon"]
[Result "1-0"]
[WhiteElo "1934"]
[BlackElo "2166"]
[PlyCount "57"]
[EventDate "2023.01.23"]
[EventType "swiss"]
[EventRounds "10"]
[EventCountry "BRA"]
[SourceTitle "CBM 212 Extra"]
[Source "ChessBase"]
[SourceDate "2023.03.31"]
[SourceVersion "1"]
[SourceVersionDate "2023.03.31"]
[SourceQuality "1"]

1. e4 c5 2. Nf3 Nc6 3. d4 cxd4 4. Nxd4 g6 5. c4 Bg7 6. Be3 Nh6 7. Nc3 0-0 8. Be2 f5 9. Nxc6 dxc6 10. Qc1 Ng4 11. Bxg4 fxg4 12. 0-0 Be6 13. c5 Qa5 14. Qc2 Rad8 15. Rfd1 Qb4 16. Rd2 Rxd2 17. Qxd2 Bxc3 18. Qxc3 Qxe4 19. Bh6 Rf6 20. Re1 Qf5 21. Qd2 Qd5 22. Qxd5 cxd5 23. Bg5 Rf5 24. Rxe6 Rxg5 25. Rxe7 d4 26. b4 Kf8 27. Rxb7 Ke8 28. c6 Rd5 29. Rb8+ 1-0

[Event "Florianopolis op 9th"]
[Site "Florianopolis"]
[Date "2023.01.24"]
[Round "2"]
[White "Barrientos, Ernesto"]
[Black "Fier, Alexandr"]
[Result "0-1"]
[WhiteElo "1934"]
[BlackElo "2602"]
[PlyCount "80"]
[EventDate "2023.01.23"]
[EventType "swiss"]
[EventRounds "10"]
[EventCountry "BRA"]
[SourceTitle "CBM 212 Extra"]
[Source "ChessBase"]
[SourceDate "2023.03.31"]
[SourceVersion "1"]
[SourceVersionDate "2023.03.31"]
[SourceQuality "1"]

1. e4 c5 2. Nf3 d6 3. d4 cxd4 4. Nxd4 Nf6 5. Nc3 e6 6. Be2 Be7 7. Be3 0-0 8. 0-0 Nc6 9. f4 Bd7 10. Kh1 a6 11. a4 Rc8 12. Bf3 Na5 13. g4 Nc4 14. Bc1 h6 15. b3 Na5 16. Bb2 Nc6 17. Nde2 e5 18. f5 Nb4 19. Ng3 Bc6 20. Rf2 Qc7 21. Rd2 Rfd8 22. Qe2 Ne8 23. Qg2 Bg5 24. Re2 Nf6 25. Rd1 Qa5 26. Nd5 Bxd5 27. exd5 Na2 28. Rd3 b5 29. axb5 axb5 30. Ne4 Nxe4 31. Rxe4 Nb4 32. Rc3 Nxd5 33. Rxc8 Rxc8 34. c4 Nf6 35. Re2 bxc4 36. Rc2 d5 37. bxc4 d4 38. Qe2 d3 39. Qxd3 Qe1+ 40. Kg2 e4 0-1

[Event "PAR-ch sf"]
[Site "Asuncion"]
[Date "2020.03.07"]
[Round "4"]
[White "Barrientos, Ernesto"]
[Black "Samudio Dominguez, Emilio Antonio"]
[Result "1-0"]
[WhiteElo "1923"]
[BlackElo "1536"]
[PlyCount "59"]
[EventDate "2020.03.06"]
[EventType "swiss"]
[EventRounds "7"]
[EventCountry "PAR"]
[SourceTitle "CBM 195 Extra"]
[Source "ChessBase"]
[SourceDate "2020.05.31"]
[SourceVersion "1"]
[SourceVersionDate "2020.05.31"]
[SourceQuality "1"]

1. e4 c5 2. Nf3 Nc6 3. d4 cxd4 4. Nxd4 Nxd4 5. Qxd4 d6 6. c4 e5 7. Qd3 Nf6 8. Nc3 Be7 9. Be2 Be6 10. 0-0 0-0 11. Be3 b6 12. Rad1 Ne8 13. f4 Rc8 14. b3 f6 15. f5 Bf7 16. Rf3 Bh5 17. Rh3 Bxe2 18. Qxe2 g6 19. fxg6 hxg6 20. Qg4 Kf7 21. Rh7+ Ng7 22. Bh6 Rg8 23. Nd5 Rb8 24. Rf1 Rb7 25. Bg5 Qd7 26. Qh4 Ke8 27. Bxf6 Bf8 28. Bg5 Nh5 29. Rxd7 Rxd7 30. g4 1-0

[Event "Asuncion Campeones"]
[Site "Asuncion"]
[Date "2019.10.04"]
[Round "2"]
[White "Pereira, Sergio1111"]
[Black "Barrientos, Ernesto"]
[Result "1-0"]
[WhiteElo "2069"]
[BlackElo "1924"]
[PlyCount "119"]
[EventDate "2019.10.03"]
[EventType "tourn"]
[EventRounds "9"]
[EventCountry "PAR"]
[SourceTitle "EXT 2020"]
[Source "ChessBase"]
[SourceDate "2019.10.17"]
[SourceVersion "1"]
[SourceVersionDate "2019.10.17"]
[SourceQuality "1"]

1. c4 Nf6 2. g3 c5 3. Bg2 Nc6 4. Nc3 g6 5. Nf3 Bg7 6. 0-0 0-0 7. d4 d6 8. d5 Nb4 9. a3 Na6 10. h3 Nc7 11. e4 a6 12. a4 b6 13. Re1 Nd7 14. Bf4 Ne5 15. Nxe5 dxe5 16. Be3 Qd6 17. f4 Bd7 18. Qd2 Rac8 19. Qf2 Ne8 20. f5 Qc7 21. g4 Nd6 22. Bf1 f6 23. Bd3 Kf7 24. Kf1 g5 25. h4 h6 26. Kg2 Rh8 27. Rh1 a5 28. Rh3 Rcg8 29. Rah1 Qc8 30. Kf3 Qf8 31. Qg1 Qc8 32. R1h2 Qf8 33. Qh1 Ke8 34. Ke2 Kd8 35. Qg1 Nb7 36. Qd1 Nd6 37. Qg1 Nb7 38. Bc2 Ke8 39. Bd2 Nd6 40. Bd3 Kf7 41. Qd1 Qc8 42. Ke3 Qb8 43. Qb3 Qc7 44. Ne2 Qc8 45. Qxb6 Bxa4 46. b3 Bd7 47. Qxa5 Nb7 48. Qc3 Qc7 49. hxg5 hxg5 50. Qa1 Ra8 51. Qh1 Rhb8 52. Rh7 Rg8 53. R2h6 Nd6 54. Rg6 Ne8 55. Qh6 Kf8 56. Qh1 Rb8 57. Bc2 Nd6 58. Ng3 Ne8 59. Nh5 Kf7 60. Nxg7 1-0

[Event "PAR-ch sf"]
[Site "Asuncion"]
[Date "2019.09.11"]
[Round "8"]
[White "Heinechen, John"]
[Black "Barrientos, Ernesto"]
[Result "1/2-1/2"]
[WhiteElo "1982"]
[BlackElo "1895"]
[PlyCount "123"]
[EventDate "2019.09.06"]
[EventType "swiss"]
[EventRounds "9"]
[EventCountry "PAR"]
[SourceTitle "EXT 2020"]
[Source "ChessBase"]
[SourceDate "2019.10.17"]
[SourceVersion "1"]
[SourceVersionDate "2019.10.17"]
[SourceQuality "1"]

1. e4 c5 2. Nf3 d6 3. d4 cxd4 4. Nxd4 Nf6 5. Nc3 a6 6. h3 e5 7. Nb3 Be6 8. Qf3 Be7 9. Be3 0-0 10. 0-0-0 Nbd7 11. g4 b5 12. Kb1 Qc7 13. g5 Ne8 14. Nd5 Bxd5 15. exd5 b4 16. Bd3 Nc5 17. Nxc5 dxc5 18. Rhg1 g6 19. Rg4 Nd6 20. Qe2 Nb5 21. Bxb5 axb5 22. Qxb5 Rfb8 23. Qc6 Qa5 24. d6 Rc8 25. Qxa8 Rxa8 26. dxe7 Qxa2+ 27. Kc1 Qa1+ 28. Kd2 Qa7 29. Rc4 Qxe7 30. Rxc5 Rd8+ 31. Ke2 Rxd1 32. Kxd1 Qd7+ 33. Ke2 Qxh3 34. Rxe5 Qh5+ 35. Kd2 f6 36. Rc5 fxg5 37. Rxg5 Qh4 38. Kd3 Kf7 39. c4 bxc3 40. bxc3 Qa4 41. c4 h5 42. c5 h4 43. Rg1 Qc6 44. Rg4 Qd7+ 45. Rd4 Qb5+ 46. Kd2 h3 47. Rh4 g5 48. Bxg5 Qxc5 49. Be3 Qd5+ 50. Ke2 Qg2 51. Bf4 Qe4+ 52. Kf1 h2 53. Rxh2 Qxf4 54. Kg2 Qg4+ 55. Kh1 Kf6 56. Rg2 Qh3+ 57. Kg1 Kf5 58. Rg3 Qh4 59. Kg2 Qe4+ 60. Kg1 Kf4 61. Kf1 Qh1+ 62. Ke2 1/2-1/2

[Event "PAR-ch sf"]
[Site "Asuncion"]
[Date "2019.09.08"]
[Round "5"]
[White "Mayeregger, Arnold"]
[Black "Barrientos, Ernesto"]
[Result "0-1"]
[WhiteElo "2035"]
[BlackElo "1895"]
[PlyCount "68"]
[EventDate "2019.09.06"]
[EventType "swiss"]
[EventRounds "9"]
[EventCountry "PAR"]
[SourceTitle "EXT 2020"]
[Source "ChessBase"]
[SourceDate "2019.10.17"]
[SourceVersion "1"]
[SourceVersionDate "2019.10.17"]
[SourceQuality "1"]

1. d4 Nf6 2. Nf3 c5 3. c3 d5 4. dxc5 e6 5. Bf4 Bxc5 6. e3 0-0 7. Nbd2 b6 8. Bd3 Ba6 9. Bxa6 Nxa6 10. Qe2 Nc7 11. Rd1 Qc8 12. Ne5 Nce8 13. a3 Be7 14. 0-0 Nd6 15. c4 dxc4 16. Ndxc4 Nxc4 17. Nxc4 Qa6 18. Rc1 Rac8 19. Qd3 Qb5 20. b3 Rfd8 21. Qb1 a5 22. a4 Qa6 23. Rcd1 Nd5 24. Be5 f6 25. Ba1 b5 26. axb5 Qxb5 27. e4 Nb4 28. Rxd8+ Rxd8 29. Rd1 Rxd1+ 30. Qxd1 a4 31. Ne3 a3 32. Nc4 a2 33. Qc1 Qd7 34. Nb2 Qd4 0-1

[Event "Coronel Oviedo op 5th"]
[Site "Coronel Oviedo"]
[Date "2019.07.14"]
[Round "7"]
[White "Barrientos, Ernesto"]
[Black "Pereira, Sergio1111"]
[Result "1/2-1/2"]
[WhiteElo "1886"]
[BlackElo "2077"]
[PlyCount "20"]
[EventDate "2019.07.11"]
[EventType "swiss"]
[EventRounds "7"]
[EventCountry "PAR"]
[SourceTitle "EXT 2020"]
[Source "ChessBase"]
[SourceDate "2019.10.17"]
[SourceVersion "1"]
[SourceVersionDate "2019.10.17"]
[SourceQuality "1"]

1. e4 c5 2. Nf3 d6 3. d4 cxd4 4. Nxd4 Nf6 5. Nc3 Nc6 6. Be2 e5 7. Nb3 a5 8. a4 Be6 9. 0-0 d5 10. exd5 Nxd5 1/2-1/2

[Event "Florianopolis op 5th"]
[Site "Florianopolis"]
[Date "2019.01.22"]
[Round "2"]
[White "Barrientos, Ernesto"]
[Black "Matsuura, Frederico"]
[Result "0-1"]
[WhiteElo "1925"]
[BlackElo "2248"]
[PlyCount "76"]
[EventDate "2019.01.21"]
[EventType "swiss"]
[EventRounds "10"]
[EventCountry "BRA"]
[SourceTitle "CBM 188 Extra"]
[Source "ChessBase"]
[SourceDate "2019.02.26"]
[SourceVersion "1"]
[SourceVersionDate "2019.02.26"]
[SourceQuality "1"]

1. e4 e6 2. d4 d5 3. Nd2 Be7 4. Bd3 c5 5. dxc5 Nf6 6. Qe2 Nc6 7. Ngf3 Nb4 8. e5 Nd7 9. Nb3 Nxc5 10. Nxc5 Bxc5 11. Bb5+ Bd7 12. 0-0 a6 13. Bxd7+ Qxd7 14. c3 Nc6 15. Be3 Bxe3 16. Qxe3 0-0 17. Nd4 Rfc8 18. Rac1 Rc7 19. Rcd1 Rac8 20. f4 h6 21. Rf2 Nxd4 22. Rxd4 Rc4 23. Rfd2 Qb5 24. Qe2 Qa5 25. a3 b5 26. g4 Qd8 27. Kg2 Qe7 28. Rxc4 bxc4 29. Qe3 Rb8 30. Kg3 Qb7 31. h3 Qe7 32. Rf2 Rb3 33. Rd2 a5 34. Kg2 Qb7 35. Qf2 d4+ 36. Kh2 dxc3 37. bxc3 Rxc3 38. Qc5 Qf3 0-1